000 01917nam a2200277Ia 4500
999 _c49431
_d49431
001 16354
003 GE_BSU
005 20221227122344.0
008 181216s2013||||ge |||||||||||||| ||geo||
020 _a9789941107825
040 _cGE_BSU
041 _ageo
080 _a347.725 ბ-97
100 _aბურდული, ირაკლი
_97029
245 _aსააქციო სამართლის საფუძვლები = Foundations of corporate law :
_b(გერმანული და ქართული სამართლის მაგალითზე). ტ. 2 /
_cირაკლი ბურდული ; საკორპორაციო, საბანკო და ეკონომიკური სამართლის ინ-ტი, თსუ, იურიდ. ფაკ-ტი.
264 _aთბილისი :
_bმერიდიანი,
_c2013.
300 _a536 გვ.;
_b22 სმ.
500 _aპროფესორ ბესარიონ ზოიძის 60 წლისა და პროფ. ლადო ჭანტურიას 50 წლის იუბილეს აღსანიშნავად
504 _aბიბლიოგრ. ტექსტ. შენიშვნ.501-536
520 _aსაკორპორაციო, საბანკო და ეკონომიკური სამართლის ინ-ტი, თსუ, იურიდ. ფაკ-ტი
541 _h17ლ.
653 _aსამართალი
653 _aსააქციო სამართალი
710 _aთბილისის სახელმწიფო უნივერსიტეტი
_bსაკორპორაციო, საბანკო და ეკონომიკური სამართლის ინსტიტუტი.
_916598
942 _cBK
_2udc